Discipline Equals Freedom (Record no. 12226)
[ view plain ]
| 000 -LEADER | |
|---|---|
| fixed length control field | 00371nam a22001577a 4500 |
| 003 - CONTROL NUMBER IDENTIFIER | |
| control field | OSt |
| 008 - FIXED-LENGTH DATA ELEMENTS--GENERAL INFORMATION | |
| fixed length control field | 240223b |||||||| |||| 00| 0 eng d |
| 020 ## - INTERNATIONAL STANDARD BOOK NUMBER | |
| International Standard Book Number | 9781250280268 |
| 082 ## - DEWEY DECIMAL CLASSIFICATION NUMBER | |
| Classification number | 158.1 |
| Item number | WID |
| 100 ## - MAIN ENTRY--PERSONAL NAME | |
| Personal name | WILLINK,Jocko |
| 245 ## - TITLE STATEMENT | |
| Title | Discipline Equals Freedom |
| 250 ## - EDITION STATEMENT | |
| Edition statement | Ed. 2nd |
| 260 ## - PUBLICATION, DISTRIBUTION, ETC. (IMPRINT) | |
| Place of publication, distribution, etc | Sivakasi |
| Name of publisher, distributor, etc | Gopsons Paper Pvt |
| Date of publication, distribution, etc | 2020 |
| 300 ## - PHYSICAL DESCRIPTION | |
| Extent | 247 |
| 942 ## - ADDED ENTRY ELEMENTS (KOHA) | |
| Source of classification or shelving scheme | Dewey Decimal Classification |
| Koha item type | Text Books |
| Withdrawn status | Lost status | Source of classification or shelving scheme | Damaged status | Not for loan | Collection code | Home library | Current library | Date acquired | Source of acquisition | Currency | Cost, normal purchase price | Bill Number | Total Checkouts | Full call number | Acc. no. / Barcode | Date last seen | Actual Cost, discounted price | Bill Date | Koha item type | Date last borrowed |
|---|---|---|---|---|---|---|---|---|---|---|---|---|---|---|---|---|---|---|---|---|
| Dewey Decimal Classification | GENERAL | PIET C-LIBRARY | PIET C-LIBRARY | 08/02/2024 | Zafaa Books and Distributors | In rupees | 799.00 | ZBD0370 | 158.1 WID | 35497 | 23/02/2024 | 559.30 | 08/02/2024 | Reference Books | ||||||
| Dewey Decimal Classification | GENERAL | PIET C-LIBRARY | PIET C-LIBRARY | 08/02/2024 | Zafaa Books and Distributors | In rupees | 799.00 | ZBD0370 | 1 | 158.1 WID | 35498 | 14/05/2024 | 559.30 | 08/02/2024 | Text Books | 30/04/2024 |